00553nam a2200193 a 450000100060000000300090000600800410001502000150005604000280007108200170009910000170011624500580013326000510019130000110024265000320025365000170028565000250030265000320032718191CO-ViMGA141112s2004 ck r 000 u spa d a9681640152 aCO-ViMGAbspacCO-ViMGA04a910.41 F184g1 aFavier, Jean10aLos grandes descubrimientos de Alejandro a Magallanes aMexico, cFondo de cultura económica, c1999 a480.p.14aDESCUBRIMIENTOS GEOGRAFICOS14aEXPEDICIONES14aGEOGRAFIA - HISTORIA14aVIAJES AL REDEDOR DEL MUNDO